| 000 | 00991cam a2200313 i 4500 | ||
|---|---|---|---|
| 999 |
_c3761 _d3761 |
||
| 001 | 4107147 | ||
| 003 | OSt | ||
| 005 | 20220209064824.0 | ||
| 008 | 750513s1975 nyua b 001 0 eng | ||
| 010 | _a 75015903 | ||
| 020 | _a0023447818 | ||
| 040 |
_aDLC _cALUPE UNIVERSITY _dDLC |
||
| 050 | 0 | 0 |
_aRM101 _b.P53 1975 |
| 060 | _aQV4 P535 | ||
| 082 | 0 | 0 | _a615/.7 |
| 245 | 0 | 4 |
_aThe Pharmacological basis of therapeutics / _ceditors, Louis S. Goodman, Alfred Gilman, associate editors, Alfred G. Gilman, George B. Koelle. |
| 250 | _a5th ed. | ||
| 260 |
_aNew York : _bMacmillan, _c[1975] |
||
| 300 |
_axvi, 1704 p. : _bill. ; _c27 cm. |
||
| 504 | _aIncludes bibliographies and index. | ||
| 650 | 0 | _aPharmacology. | |
| 650 | 0 | _aChemotherapy. | |
| 650 | 2 | _aDrug therapy. | |
| 650 | 2 | _aPharmacology. | |
| 700 | 1 |
_aGoodman, Louis S. _q(Louis Sanford), _d1906-2000. |
|
| 700 | 1 |
_aGilman, Alfred, _d1908-1984. |
|
| 906 |
_a7 _bcbc _corignew _d1 _eocip _f19 _gy-gencatlg |
||
| 942 |
_2lcc _cBK _nBA |
||